000 04628nam a22006858i 4500
001 BDZ0053535115
003 StDuBDS
005 20231227165415.0
006 m|||||o||d||||||||
007 cr |||||||||||
008 231030s2023 enka fo 000|0|eng|d
020 _a9781003820031 (PDF ebook) :
_c42.99
040 _aStDuBDS
_beng
_erda
_epn
_cStDuBDS
_dStDuBDSZ
050 4 _aTH880
_b.R6 2023
072 7 _aARC
_2ukslc
072 7 _aAM
_2bicssc
072 7 _aRN
_2bicssc
072 7 _aAMA
_2bicssc
072 7 _aAMCR
_2bicssc
072 7 _aPHDY
_2bicssc
072 7 _aRPC
_2bicssc
072 7 _aTH
_2bicssc
072 7 _aTQ
_2bicssc
072 7 _aAM
_2thema
072 7 _aRN
_2thema
072 7 _aAMA
_2thema
072 7 _aAMCR
_2thema
072 7 _aPHDY
_2thema
072 7 _aRPC
_2thema
072 7 _aTH
_2thema
072 7 _aTQ
_2thema
072 7 _aAMC
_2thema
072 7 _aAMVD
_2thema
082 0 4 _a720.47
_223
245 0 4 _aThe Routledge handbook of embodied carbon in the built environment
_h[electronic resource] /
_cedited by Rahman Azari, Alice Moncaster.
246 3 0 _aHandbook of embodied carbon in the built environment
246 3 0 _aEmbodied carbon in the built environment
263 _a202312
264 1 _aLondon :
_bRoutledge,
_c2023.
300 _a1 online resource (440 pages) :
_billustrations (black and white)
336 _atext
_2rdacontent
336 _astill image
_2rdacontent
337 _acomputer
_2rdamedia
338 _aonline resource
_2rdacarrier
366 _b20231222
_cNot yet available
505 0 _aSECTION 1: Introduction: The embodied carbon questions and debates 1. Introduction to this handbook - the question of embodied carbon 2. Minimising embodied carbon: A question of politics, not percentages 3. Climate-neutral and circular built environment - right here, right now - 4. Net zero in buildings and construction: Use and misuse of carbon offsets 5. Characterization of links between embodied carbon and thermal mass SECTION 2: Embodied decarbonization, approaches and policies 6. Introduction to Section 2: National and international approaches to and policies for decarbonisation 7. Embodied decarbonization in North America: A paradigm shift 8. Embodied carbon in building regulation - development and implementation in Finland, Sweden and Denmark 9. Global carbon budgets for the built environment: How far are we to achieve a 1.5C limit in global warming? A Swiss example 10. The Levels framework and the Life Levels project: Developing common and national approaches to embodied carbon in European countries 11. Embodied emissions - knowledge building for industry SECTION 3: Urban scale perspectives 12. Introduction to Section 3: Embodied carbon and urban scale perspectives 13. Approaches and system boundaries for urban carbon accounts 14. Quantifying the sunk carbon costs of cities: A case-study of 50 years of construction in Odense, Denmark 15. Embodied GHG in transportation infrastructure SECTION 4: Building Scale Perspectives 16. Introduction to Section 4: Embodied carbon and building scale perspectives 17. Life cycle assessment applied to the eco-design of urban projects in France 18. Climate and resource footprint assessment in building information modelling: A method and indicators 19. Achieving social justice and environmental justice in safe affordable housing through a materials-centered, multi-level, transdisciplinary approach 20. Embodied carbon and building retrofit; a heritage example SECTION 5: Material scale perspectives 21. Introduction to Section 5: Embodied carbon and material scale perspectives 22. Real and apparent variations in embodied carbon impacts provided in EPD for construction products 23. Three windows: Accounting for embodied resources and cultural value 24. Embodied carbon in biogenic and earth materials: Accounting for the work of the biogeosphere in construction materials 25. Farm to building: Catalyzing the use of natural, net-zero, and healthier building materials
520 8 _aThis handbook explores embodied carbon across the built environment.
650 0 _aCARBON SEQUESTRATION
650 0 _aEBOOK
650 0 _aEMBODIED CARBON
650 0 _aNET ZERO
650 0 _aSUSTAINABILITY
650 0 _aSUSTAINABLE BUILDINGS
650 7 _aURBAN PLANNING
700 1 _aAzari, Rahman,
_d1979-
_eeditor.
700 1 _aMoncaster, Alice,
_eeditor.
776 0 8 _iPrint version :
_z9781032234861
856 4 0 _uhttps://www.vlebooks.com/product/openreader?id=RICS&accId=9491556&isbn=9781003820031
_zAvailable on VLeBooks (email [email protected] for a login)
942 _2ddc
999 _c121751
_d121751